000 00693nam a2200205Ii 4500
003 JO-AjNU
008 230605s9999||||xx |||||||||||||| ||und||
017 _a1990/511
040 _aJO-AjNU
_bara
_erda
_cJO-AjNU
041 _aara
050 1 4 _aN6494.C8.F7712 1990
100 3 _aفراي،إدوارد تأليف/الطائي،هادي مترجم/مظفر،مي مراجعة,
_eauthor
_913966
245 0 0 _aالتكعيبية
264 3 1 _aبغداد:دار المأمون للترجمة والنشر،1990
300 _a319ص
336 _atext
_btxt
_2rdacontent
337 _aunmediated
_bn
_2rdamedia
338 _avolume
_bnc
_2rdacarrier
650 4 _aالتكعيبية (فن)
_913967
999 _aA3612
_c7180
_d7180